000 00497nam a22001811a 4500
001 18402
003 OSt
005 20260204212403.0
008 171114s2007||||dr ||||||b||||||||||spa||
020 _a9789993488491
082 _aRD 630 OL49h
100 _aOlivo,Emilio Armando
245 _aHistoria de la producción agropecuaria y forestal en la República Dominicana
264 _aSanto Domingo:Editora Universal
300 _a340 p
650 _aHistoria 2.AgriculturaÌ
942 _2ddc
_cBK
999 _c18402
_d18402